UBT Library

Fiction as Experience An Anthology (Record no. 58135)

000 -LEADER
fixed length control field 00318nam a22001457a 4500
008 - FIXED-LENGTH DATA ELEMENTS--GENERAL INFORMATION
fixed length control field 211011b ||||| |||| 00| 0 eng d
020 ## - INTERNATIONAL STANDARD BOOK NUMBER
International Standard Book Number 0155272810
041 ## - LANGUAGE CODE
Language code of text/sound track or separate title eng
080 ## - UNIVERSAL DECIMAL CLASSIFICATION NUMBER
Universal Decimal Classification number 821
082 ## - DEWEY DECIMAL CLASSIFICATION NUMBER
Classification number 821
100 ## - Rafti
Rafti 21
101 ## - Shkurtesa
Shkurtesa GJL
245 ## - TITLE STATEMENT
Title Fiction as Experience An Anthology
Statement of responsibility, etc Howe,I
942 ## - ADDED ENTRY ELEMENTS (KOHA)
Source of classification or shelving scheme
Item type Books
Holdings
Withdrawn status Lost status Source of classification or shelving scheme Damaged status Not for loan Collection code Permanent location Current location Shelving location Date acquired Total Checkouts Full call number Barcode Date last seen Price effective from Koha item type
          Koleksioni i përgjithshem UBT - Lipjan UBT - Lipjan Koleksioni i përgjithshem 10/11/2021   821 HOW 002-7003967 10/11/2021 10/11/2021 Books
UBT Library © 2015-2024. All rights reserved University Education for Business and Technology